Zombies 4: "Dream Come True" lyrics quiz - Statistics

General Stats
  • This quiz has been taken 566 times
  • The average score is 372 of 500
Answer Stats
Answer % Correct
I
95%
a
90%
A
90%
you
90%
you,
90%
You
90%
But
87%
but
87%
No,
87%
No
87%
no
87%
we
87%
your
87%
know
86%
this
86%
be
85%
kinda
85%
in
84%
it
84%
smile
83%
come
82%
come,
82%
crazy
82%
dream
82%
sound
82%
might
81%
Now
81%
now
81%
see
81%
to
81%
true
81%
clear
80%
It's
80%
it's
80%
its
80%
recognize
80%
the
80%
And
79%
and
79%
hear
79%
I've
79%
me
79%
yeah
79%
Yeah,
79%
yeah,
79%
don't
78%
Don't
78%
go
77%
insane
76%
must
76%
swear
76%
vision,
76%
Because
75%
both
75%
Had
75%
just
75%
my
75%
while
75%
crystal
74%
head
74%
Like
73%
like
73%
where
73%
been
72%
have
72%
here,
72%
known
72%
met
72%
met,
72%
Oh,
72%
really
72%
that
72%
Well,
72%
we'll
72%
We'll
72%
even
71%
Even
71%
feel
71%
I'm
71%
is
71%
magnet
71%
we're
71%
were
71%
you're
71%
You're
71%
some
70%
brighter
69%
finally
69%
fire
69%
loud
69%
never
69%
Never
69%
shines
69%
with
69%
bite,
68%
bite
68%
good
68%
seen
68%
spark
68%
all
67%
apart
67%
dark
67%
from
67%
heard
67%
light
67%
pulled
67%
Pulled
67%
still,
67%
two
67%
won't
67%
worlds
67%
yet
67%
about
66%
if
66%
If
66%
much
66%
not
66%
say
66%
Than
66%
there's
66%
There's
66%
what
66%
when
66%
you've
66%
You've
66%
burn
65%
common
65%
magnetic
65%
someone
65%
word,
65%
already
64%
another
64%
coming
64%
field
64%
hope
64%
Hope
64%
knew
64%
revealed
64%
daydream
63%
running
63%
spent
63%
always
62%
ends
62%
fall
62%
for
62%
hate
62%
life
62%
play
62%
pretend
62%
shown
62%
thread
62%
up
62%
yours
62%
being
61%
ya
61%
catch
60%
Exactly
60%
guard
60%
Guess
59%
supposed
59%
wind
56%
Wind,
56%
you'll
55%
let
54%
face
53%
I'd
52%
place
50%
lift
49%
rather
49%
trust
49%
I'll
48%
wanna
48%
Meet
47%
blew
46%
middle
46%
of
46%
through,
46%
'Cause
45%
heavy
45%
ride
45%
Feeling
44%
little
44%
flying
43%
new
43%
tired
43%
Tired
43%
look
42%
out
42%
thought
42%
before
41%
missed
41%
something
41%
make
40%
nothing
38%
ooh
38%
Ooh,
38%
complying
37%
else
35%
Hmm,
32%
Improve
29%
would
26%
No matching quizzes found
Score Distribution
Percent of People with Each Score
Percentile by Number Answered
Your Score History
You have not taken this quiz